Higher education in developing countries : a cost-benefit analysis

Αποθηκεύτηκε σε:
Λεπτομέρειες βιβλιογραφικής εγγραφής
Κύριος συγγραφέας: Ψαχαρόπουλος, Γιώργος Α.
Μορφή: Βιβλίο
Γλώσσα:English
Δημοσίευση: Washington, D.C. : The World Bank , 1980
Σειρά:World Bank staff working paper ; ; 440
Θέματα:
Ετικέτες: Προσθήκη ετικέτας
Δεν υπάρχουν, Καταχωρήστε ετικέτα πρώτοι!

MARC

LEADER 00000nam a2200000 i 4500
001 1/71910
008 960719s1980 eng d
020 |a 0-8213-9299-9 
035 |a 1987  |c Αγορά  |l 10031091 
040 |a GR-MY-UA  |b gre  |e aacr 
041 0 |a eng 
082 0 |a 378.0091724 
100 1 |a Ψαχαρόπουλος, Γιώργος Α. 
245 1 0 |a Higher education in developing countries :  |b a cost-benefit analysis /  |c Γιώργος Ψαχαρόπουλος 
260 |a Washington, D.C. :   |b The World Bank ,   |c 1980 
300 |a 129 p. 
490 1 |a World Bank staff working paper  |v ; 440 
650 0 0 |a Education, Higher  |z Developing countries. 
650 0 0 |a Higher education and state  |z Developing countries. 
650 0 0 |a Education, Higher  |z Developing countries  |x Aims and objectives. 
830 0 |a World Bank staff working paper ;  |v ; 440 
852 |a INST  |b RHODES  |e 19960719  |h 378.0091724 ΨΑΧ  |p 005400002431  |q 005400002431  |t BK  |y 0 
909 |a Ρ  |b 007207  |c 1987